000
00296nam a22001337a 4500
008
171201b xxu||||| |||| 00| 0 eng d
020
_a
9780131121898
041
_a
eng
080
_a
37
100
_a
46
101
_a
EDU
245
_a
TEACHING CHILDREN TO READ
_c
REUTZEL,D.R
942
_2
udc
_c
BK
999
_c
38674
_d
38674